000
00223 a2200097 4500
001
22812
100
_a
French, T E
245
_a
Fundamentals of Engineering Drawing
260
_a
_b
McGraw-Hill
_c
1960
090
_c
15427
_d
15427
942
_a
NUST-CAE
_c
M
_c
6033
999
_c
257885
_d
257885